1494 1370 1509 1809 1612 1459 1652 1037 1515 1809 1176 1791 1319 1366 1471 1966 1166 1671 1524 1707 1609 1654 1909 1591 1578 1823 1567 1987 1212 1861 1180 1649 1161 1022 1799 1823 1896 1668 1167 1228 1657 1500 1664 1111 1840 1561 1798 1366 1530 1645 1117 1736 1945 1817 1662 1858 1095 1543 1845 1636 1626 1703 1406 1382 1457 1264 1496 1587 1404 1552 1449 1385 1768 1304 1582 1296 1136 1631 1068 1479 1040 1100 1744 1977 1092 1215 1940 1086 1528 1320 1330 1318 1616 1009 1963 1211 1232 1540 2000 BCNSPRNW ULIB Ver.6.0+V

เปลี่ยนเป็นภาษาไทย

Change to English
 แสดงรายละเอียดบรรณานุกรม
  กลับหน้าหลัก

Brief Record : Get Marc (ISO 2709) : E-mail record : QR code < ปิดหน้าต่าง
LEADER : 00000nam 2200000uu 4500
001    13399113485
003     ULIB
008    111121s2551||||th 000 0 tha d
020    ^a9789740537960
090    ^aนว.^bน190ว 2551
100 0  ^aนภชล
245 00 ^aความรู้สึกดีที่เรียกว่ารัก : ต่างมุมรัก/^cนภชล
250    ^aพิมพ์ครั้งที่ 2
260    ^aกรุงเทพฯ :^bแจ่มใส,^c2551
300    ^a299 หน้า
710 1  ^aแจ่มใส
945    ^p189^l0^i15028
995    ^aกัณชพร
999    ^aใช้งานได้ทุกระบบ
รายการนี้ยังไม่มีแท็ก
คุณยังไม่ได้ล็อกอิน คุณสามารถมีกิจกรรมร่วมกับเว็บไซต์ได้ แต่ต้องล็อกอินก่อน ::
  ล็อกอิน

รายการสื่อสารสนเทศ

ลำดับที่ ประเภท เลขเรียก/บาร์โค้ด สถานที่ สถานะ
1. นวนิยาย
นวนิยาย
นว. น190ว 2551  
  Barcode: 15028
ห้องสมุดวิทยาเขตสวรรค์ประชารักษ์
►นวนิยาย
บนชั้น
  ขอยืม

รายการใกล้เคียง
    ผู้แต่ง [นภชล]

BibComment


ยังไม่เคยถูกคอมเมนท์

คอมเมนท์ทรัพยากรรายการนี้
  คอมเมนท์: ความรู้สึกดีที่เ..


 Copyright 2026. Bcnsprnw @Library